Normal view
MARC view
- Badar G E
Entry Personal Name
001 - CONTROL NUMBER
- control field: 111547
003 - CONTROL NUMBER IDENTIFIER
- control field: OSt
005 - DATE AND TIME OF LATEST TRANSACTION
- control field: 20230125044052.0
008 - FIXED-LENGTH DATA ELEMENTS
- fixed length control field: 230125|| aca||aabn | a|a d
040 ## - CATALOGING SOURCE
- Original cataloging agency: OSt
- Transcribing agency: OSt
100 ## - HEADING--PERSONAL NAME
- Personal name: Badar G E
670 ## - SOURCE DATA FOUND
- Source citation: Work cat.: (OSt)88464: Badar G E, Measuring Team Performance, 1998